Statistics for Geography by Letter - B

Click here to take the quiz!

General Stats

  • This quiz has been taken 90,206 times
  • The average score is 14 of 22

Answer Stats

HintAnswer% Correct
Capital of GermanyBerlin
99%
Capital of IraqBaghdad
88%
Nickname for the Mumbai film industryBollywood
84%
Central American countryBelize
82%
Myanmar, by another nameBurma
82%
Capital of ColombiaBogotá
77%
Italian city or type of lunch meatBologna
72%
Sea bordering Sweden, Latvia, Poland, etc...Baltic
71%
Capital of RomaniaBucharest
70%
Host of the 1992 OlympicsBarcelona
70%
Strait that divides Russia and AlaskaBering
70%
Country just south of RwandaBurundi
66%
German state famous for OktoberfestBavaria
62%
Peninsula of Albania, Serbia, Greece, etc...Balkans
60%
Capital of QueenslandBrisbane
49%
Ancient city that was located
near the above
Babylon
49%
Slow moving river or swamp found in
Louisiana or nearby states
Bayou
45%
Moscow's famous ballet theaterBolshoi
44%
Island shared by three different countriesBorneo
44%
Spanish city with a Guggenheim museumBilbao
41%
Britain's highest mountainBen Nevis
38%
Canada's first national parkBanff
30%

Score Distribution

Percentile by Number Answered

Percent of People with Each Score

Your Score History

You have not taken this quiz